| 000 | 00637nam a22001457a 4500 | ||
|---|---|---|---|
| 999 |
_c58468 _d58468 |
||
| 005 | 20240805153051.0 | ||
| 008 | 220324s2021ge xxu||||| |||| 00| 0 geo d | ||
| 027 | _q24492418 | ||
| 245 |
_aინოვაციური ეკონომიკა და მართვა = INNOVATIVE ECONOMICS AND MANAGMENT / _cმთ.რედ.ბადრი გეჩბაია |
||
| 260 |
_aბათუმი, _c2024. |
||
| 300 | _aV. | ||
| 653 | _aმენეჯმენტი, ეკონომიკა | ||
| 700 |
_aგეჩბაია, ბადრი _cმთავარი რედაქტორი _913603 |
||
| 942 |
_2udc _cCR |
||